Textbook of First Aid and Emergency Nursing (Record no. 1757)

MARC details
000 -LEADER
Fixed length control field 00582nam a2200205Ia 4500
003 - CONTROL NUMBER IDENTIFIER
Control field IIN
005 - DATE AND TIME OF LATEST TRANSACTION
Control field 20250428144238.0
008 - FIXED-LENGTH DATA ELEMENTS--GENERAL INFORMATION
Fixed length control field 250428s9999 xx 000 0 und d
020 ## - INTERNATIONAL STANDARD BOOK NUMBER / ISBN
Price Rs.495.00
International Standard Book Number 9789394624092
040 ## - CATALOGING SOURCE
Original cataloging agency IIN
Language of cataloging English
082 ## - DEWEY DECIMAL CLASSIFICATION NUMBER
Classification number 616.0252
Book Number PAL
100 1# - MAIN ENTRY--PERSONAL NAME
Personal name Pal, Panchali
245 1# - TITLE STATEMENT
Title Textbook of First Aid and Emergency Nursing
Statement of responsibility Panchali Pal
250 ## - EDITION STATEMENT
Edition statement 2nd ed.
260 ## - IMPRINT
Name of publisher Ananda Publishers
Place of publication Kolkata
Date of publication 2024
300 ## - PHYSICAL DESCRIPTION
Page / Vol. No viii; 183p.
650 1# - SUBJECT ADDED ENTRY--TOPICAL TERM
Topical term First aid
Form subdivision Injury
650 1# - SUBJECT ADDED ENTRY--TOPICAL TERM
Topical term First aid in illness and injury
Form subdivision Study and teaching
942 ## - ADDED ENTRY ELEMENTS (KOHA)
Koha item type Books
Holdings
Withdrawn status Lost status Source of classification Damaged status Not for loan Collection code Home library Current library Shelving location Date acquired Price Total Checkouts Call number Accession number Date last seen Price effective from Koha item type
    Dewey Decimal Classification     Purches Book IDEAL INSTITUTE OF NURSING IDEAL INSTITUTE OF NURSING General Stacks 11/03/2025 495.00   616.0252 PAL 1912 28/04/2025 28/04/2025 Books
© Ideal Institute Of Nursing, All rights reserved.         Powered by Koha